Fleurets Ltd V Dashwood (Record no. 79166)
[ view plain ]
| 000 -LEADER | |
|---|---|
| fixed length control field | 01670cab a22001935a 4500 |
| 001 - CONTROL NUMBER | |
| control field | L140040 |
| 008 - FIXED-LENGTH DATA ELEMENTS--GENERAL INFORMATION | |
| fixed length control field | 070831e20070825xxk f w 000 0 eng d |
| 035 ## - SYSTEM CONTROL NUMBER | |
| System control number | (Sirsi) u140040 |
| 041 0# - LANGUAGE CODE | |
| Language code of text/sound track or separate title | eng |
| 245 00 - TITLE STATEMENT | |
| Title | Fleurets Ltd V Dashwood |
| 260 ## - PUBLICATION, DISTRIBUTION, ETC. | |
| Date of publication, distribution, etc. | 2007 |
| 490 ## - SERIES STATEMENT | |
| Series statement | Estates Gazette |
| Volume/sequential designation | (0734) 25 August 2007, 84-90(7) |
| 520 ## - SUMMARY, ETC. | |
| Summary, etc. | [2007] EWHC 1610 (QB); [2007] 34 EG 84, 5 July 2007. The appellant (D) entered into an agreement in 2003 with the respondent and cross-appellant estate agent (F) to arrange the sale of a property. The contract entitled F to a commission in the event that unconditional contracts were exchanged within a given period. During that period F had sole selling rights over the property. D became disenchanted with F's services and it was agreed to place the matter on hold, although a selling board remained outside the property. In 2004, F advised D that it had received interest in the property. Mr Akhtar (A) was one of these. Wishing to have no more business with F, D instructed a new agent. A eventually purchased the property through the new agent. F claimed commission, having made the initial introduction. "Held": D's agreement with F had been that commission would be paid for the introduction of a purchaser. Although the negotiations had been conducted entirely by the new agent, F had made the original introduction despite this being unconnected with the eventual sale. F was entitled to a commission under the relevant clause. |
| 590 ## - LOCAL NOTE (RLIN) | |
| Local note | KA |
| 650 24 - SUBJECT ADDED ENTRY--TOPICAL TERM | |
| Topical term or geographic name entry element | DASHWOOD V FLEURETS LTD |
| 651 #4 - SUBJECT ADDED ENTRY--GEOGRAPHIC NAME | |
| Geographic name | England and Wales |
| Chronological subdivision | 1543- |
| 690 ## - LOCAL SUBJECT ADDED ENTRY--TOPICAL TERM (OCLC, RLIN) | |
| Topical term or geographic name as entry element | PROPERTY-COMMERCIAL PROPERTY-ACQUISITION AND DISPOSAL OF COMMERCIAL PROPERTY |
| 942 ## - ADDED ENTRY ELEMENTS (KOHA) | |
| Suppress in OPAC | 0 |
| Withdrawn status | Lost status | Source of classification or shelving scheme | Damaged status | Not for loan | Home library | Current library | Shelving location | Date acquired | Total Checkouts | Full call number | Barcode | Date last seen | Copy number | Price effective from | Koha item type |
|---|---|---|---|---|---|---|---|---|---|---|---|---|---|---|---|
| Dewey Decimal Classification | London | London | Journal article | 31/08/2007 | ONLINE PUBLICATION | 140040-1001 | 06/08/2019 | 1 | 06/08/2019 | Journal article |